000 01416nam0a2200301 i 4500
001 RU\NLR\BIBL_A\010576201
005 20260406202010.0
021 _aRU
_b2014-81337
_94959
035 _a(NILC)RuMoRGB-007573850
035 _a(NLR Aleph) 010576201
090 _a10442818
_c10442818
100 _a20141224d2014 um y0rusy50 ca
101 0 _arus
102 _aRU
105 _aac||z|||010yy
200 1 _aЯдерному реактору ВВР-ц - 50 лет
_eитоги и перспективы развития
_eюбилейный сборник
_fНИФХИ им. Карпова
_gсост.: В. Р. Дуфлот и О. Ю. Кочнов
210 _aМосква
_cИздательский дом МЭИ
_d2014
215 _a163 с.
_cил., цв. ил., портр.
_d26
606 1 _aВВР-Ц, исследовательские ядерные реакторы
_xИстория
_92236510
_3RU\NLR\AUTH\6601574047
686 1 _aЗ466г
702 1 _aДуфлот
_bВ. Р.
_gВладимир Робертович
_4220
712 0 2 _4570
_aНаучно-исследовательский физико-химический институт им. Л. Я. Карпова
_cМосква
_3RU\NLR\AUTH\889961821
_9419979
801 0 _aRU
_bРГБ
_c20141028
_gRCR
801 1 _aRU
_bРГБ
_c20141028
_2rusmarc
942 _cBOOK
980 _aNBR